000 00696nam a2200229 u 4500
005 20240213064451.0
008 170127s2007 eu r 000 0 spa d
020 _a140427040X
035 _aUPN01000215634
049 _aI
050 4 _aPZ13
_bS3.8
100 1 _aShea, Therese,
_d1978-
_933610
245 1 3 _aUn lunch muy especial /
_cTherese Shea ; tr. María Cristina Brusca.
260 _aNew York. :
_bRosen,
_cc2007.
300 _a12 p. :
_bil. col.
440 0 _aRosen classroom books & materíals
650 4 _aCiencia ficción
_vCuentos y leyendas
_913121
650 0 _aHistorias de aventuras
_94131
650 2 _aTrabajo en equipo
_95093
905 _aInfantil
999 _c187734
_d187734